00629nam a2200181Ia 450000500170000000800410001702000150005808200130007310000320008624501370011826000350025530000180029065000080030865000170031694200060033395200950033999900130043420240531070047.0240331s9999 xx 000 0 und d a9556070443 a340bDES aDe Silva Siriwardena viveka 3aAn assesment of the contribution of the judiciary towards good governance :b a study of the role of the supreme court of Sri Lanka aColombobFES Publicationc2005 axvii, 129 p., aLaw aHuman Rights cL 001040708LaWERCLbWERCLcSSCd2024-03-31l0o 340 DESp5618r2024-03-31w2024-03-31yL c672d672